000 00350nam a2200121Ia 4500
008 220901s9999||||xx |||||||||||||| ||und||
082 _a005.74 MUR
100 _aMurthy, E.N
245 4 _aThe ICFAI journal of information technology
250 _aVol. 8 Issue No 3 & 4
260 _bICFAI University Press
_c2012
650 _aInformation science
_91300
999 _c193494
_d193494